00337nam a2200133Ia 4500003000400000008004100004040001600045082001700061100002100078245005100099260003200150300000800182650001300190GCL140319s9999 xx 000 0 eng d aGCL / cGCL04a583.323bB T1 aBUTLER, COLIN G.10aTHE WORLD OF THE HOREYBEE / cBUTLER, COLIN G. a[S.N] : bCOLLINS ، c1977 a22604aHONEYBEE